LDR 00668naa#a2200181#i#450# 001 EN\\bibl\118712 005 20260516120223.6 011 ## _a1994-4683 100 ## _a20230428b2023####ek#y0engy0150####ca 102 ## _aRU 200 1# _aMETHODOLOGICAL FEATURES OF THE ORGANIZATION OF LECTURES AT THE UNIVERSITY _eJournal article 210 1# _aMoscow _cNational State University of Physical Education, Sports and Health named after P.F. Lesgaft _d2023 215 ## _a3 с. 608 ## _aJournal article _2local 675 ## _aМетоды обучения. Формы преподавания. 378.147 _z 700 #1 _aLanina _gS YU 700 #1 _aPlashchevaya _gE V 856 4# _auchzapiski.lesgaft.spb.ru _u